|
|
|
|
| LEADER |
00000nkmaa2200000 a 4500 |
| 001 |
vtls011891132 |
| 003 |
SK-MaSNL |
| 005 |
20260301225930.0 |
| 007 |
kh bo |
| 008 |
230802e1919 xo | |||0 k|slo |
| 035 |
|
|
|a urn:nbn:sk:snk-km00ej7v
|
| 035 |
|
|
|a urn:nbn:sk:snk-km45w9e
|
| 035 |
|
|
|a EFE54E04-E738-4E58-937D-6166A69414EE
|
| 040 |
|
|
|a SNKLA
|b slo
|c SNKLA
|e AACR2
|
| 041 |
0 |
|
|a slo
|
| 044 |
|
|
|a xo
|c SK
|
| 245 |
0 |
0 |
|a [Ľudovít Janota s členmi anglickej misie]
|h grafika
|
| 260 |
|
|
|a [S.l.
|b s.n.]
|c [1919]
|
| 300 |
|
|
|a 1 fotografia
|b čiernobiela
|c 9 x 14 cm
|
| 520 |
2 |
|
|a Zobrazenie: Ľudovít Janota (stojí v okne uprostred) s členmi anglickej misie a členmi spolku Sokol na stanici v Čadci v marci 1919.
|
| 600 |
1 |
7 |
|a Janota, Ľudovít,
|d 1888-1968
|2 SNKMA
|9 140684
|
| 655 |
|
7 |
|a fotografie
|2 SNKPH
|9 70713
|
| 852 |
|
|
|a Slovenská národná knižnica
|b Literárny archív
|
| 852 |
7 |
|
|a Slovenská národná knižnica
|b Literárny archív
|
| 958 |
|
|
|a ZO
|
| 958 |
|
|
|a BLA
|
| 999 |
|
|
|c 952849
|d 954779
|
| 952 |
|
|
|a SNKLA
|b SNKLA
|c SNKLA_DEP
|y NEVYP
|7 0
|p 17A1309895
|o snkSJ 42/28
|i snkLA 1839/1970
|0 0
|1 0
|4 0
|d 2019-10-03
|f 1
|l 0
|r 2026-02-24 09:53:58
|w 2026-02-24
|